Normal view
MARC view
Entry Topical Term
001 - CONTROL NUMBER
- control field: 10142
003 - CONTROL NUMBER IDENTIFIER
- control field: BD-RjUL
005 - DATE AND TIME OF LATEST TRANSACTION
- control field: 20231121170521.0
008 - FIXED-LENGTH DATA ELEMENTS
- fixed length control field: 231121|| aca||aabn | a|a d
040 ## - CATALOGING SOURCE
- Original cataloging agency: BD-RjUL
- Transcribing agency: BD-RjUL
150 ## - HEADING--TOPICAL TERM
- Topical term or geographic name entry element: Water resource management
- Form subdivision: Economics of land and energy
670 ## - SOURCE DATA FOUND
- Source citation: Work cat.: (BD-RjUL)82326: Arifuzzaman, Md. 10141, Legal framework for ensuring sustainable water resources management in Bangladesh /, 2019